[Event "Muensterland Verbandsklasse 1819"]
[Site "Germany"]
[Date "2019.01.19"]
[Round "5.3"]
[White "Fischer, Andreas3"]
[Black "Schaefer, Guenter"]
[Result "1-0"]
[WhiteElo "1917"]
[BlackElo "1855"]
[PlyCount "78"]
[EventDate "2018.09.15"]
[EventType "team-tourn"]
[EventRounds "9"]
[EventCountry "GER"]
[SourceTitle "EXT 2020"]
[Source "ChessBase"]
[SourceDate "2019.10.17"]
[SourceVersion "1"]
[SourceVersionDate "2019.10.17"]
[SourceQuality "1"]
[WhiteTeam "Saerbeck"]
[BlackTeam "Nienberge II"]
[WhiteTeamCountry "GER"]
[BlackTeamCountry "GER"]

1. e4 g6 2. d4 d6 3. Nc3 c6 4. a4 Bg7 5. Nf3 Nf6 6. Be2 0-0 7. 0-0 Qc7 8. h3 e5 9. dxe5 dxe5 10. Be3 Re8 11. Bc4 Be6 12. Qe2 Nbd7 13. a5 b5 14. axb6 axb6 15. Bxe6 fxe6 16. Qc4 Qb7 17. Rxa8 Qxa8 18. Ng5 b5 19. Qb3 Nf8 20. Rd1 h6 21. Nf3 N8d7 22. Nd2 Kh7 23. Ne2 Bf8 24. f3 Nc5 25. Qc3 Nfd7 26. b3 Qb7 27. Ra1 Ra8 28. Nc1 Rxa1 29. Qxa1 Qa6 30. Qxa6 Nxa6 31. Nd3 Nb4 32. Nxb4 Bxb4 33. Nb1 Kg7 34. Kf1 Bc5 35. Bxc5 Nxc5 36. Ke2 Kf6 37. h4 g5 38. hxg5+ Kxg5 39. Nd2 h5 1-0

[Event "Muensterland Regionalliga 1516"]
[Site "Germany"]
[Date "2015.09.26"]
[Round "2.8"]
[White "Hirnstein, Markus"]
[Black "Schaefer, Guenter"]
[Result "1/2-1/2"]
[WhiteElo "1881"]
[BlackElo "1890"]
[PlyCount "34"]
[EventDate "2015.09.05"]
[EventType "team"]
[EventRounds "9"]
[EventCountry "GER"]
[SourceTitle "EXT 2017"]
[Source "ChessBase"]
[SourceDate "2016.10.25"]
[SourceVersion "1"]
[SourceVersionDate "2016.10.25"]
[SourceQuality "1"]
[WhiteTeam "Telgte"]
[BlackTeam "Nienberge"]
[WhiteTeamCountry "GER"]
[BlackTeamCountry "GER"]

1. c4 e5 2. g3 Nc6 3. Bg2 f5 4. Nc3 Nf6 5. d3 Bb4 6. Bd2 d6 7. Nf3 0-0 8. 0-0 Bxc3 9. Bxc3 a5 10. d4 e4 11. Ng5 d5 12. cxd5 Nxd5 13. Nh3 Kh8 14. Qd2 Nce7 15. f3 e3 16. Qd3 f4 17. Ng5 Ng6 1/2-1/2

[Event "Muensterland Regionalliga 1314"]
[Site "Germany"]
[Date "2013.11.16"]
[Round "3.5"]
[White "Schaefer, Guenter"]
[Black "Van Ackeren, Franz"]
[Result "0-1"]
[WhiteElo "1952"]
[BlackElo "1985"]
[PlyCount "176"]
[EventDate "2013.09.07"]
[EventType "team-tourn"]
[EventRounds "9"]
[EventCountry "GER"]
[SourceTitle "EXT 2015"]
[Source "ChessBase"]
[SourceDate "2014.11.20"]
[SourceVersion "1"]
[SourceVersionDate "2014.11.20"]
[SourceQuality "1"]
[WhiteTeam "Nienberge"]
[BlackTeam "Muenster SK III"]
[WhiteTeamCountry "GER"]
[BlackTeamCountry "GER"]

1. e4 g6 2. Nc3 Bg7 3. d4 d6 4. Be3 a6 5. Qd2 Nd7 6. h4 h5 7. f3 b5 8. a4 b4 9. Nd1 Rb8 10. Nh3 Ngf6 11. Be2 c6 12. Ndf2 Qc7 13. 0-0 c5 14. c3 bxc3 15. bxc3 Qa5 16. Rad1 0-0 17. Bh6 cxd4 18. cxd4 Rb4 19. Bxg7 Kxg7 20. Nd3 Rxa4 21. Qxa5 Rxa5 22. Rc1 Ra4 23. d5 Rd8 24. Rc7 Ne8 25. Ra7 Kf8 26. Rc1 Nb6 27. Nhf2 Rd7 28. Rxd7 Bxd7 29. g4 hxg4 30. fxg4 Ra2 31. Bf3 a5 32. h5 Kg7 33. Rb1 Nc4 34. Rb7 Nd2 35. Bg2 Ba4 36. Rxe7 Ra1+ 37. Kh2 Nf1+ 38. Bxf1 Rxf1 39. Kg2 Ra1 40. g5 gxh5 41. e5 Kf8 42. Ra7 Bb3 43. Nf4 dxe5 44. Nxh5 Bxd5+ 45. Kg3 Ra3+ 46. Kh2 Bf3 47. Nf6 Nxf6 48. gxf6 a4 49. Ng4 Kg8 50. Nxe5 Bd5 51. Ra5 Bb3 52. Nc6 Ra2+ 53. Kg3 Kh7 54. Ne7 Kh6 55. Kf4 Ra1 56. Ng8+ Kh7 57. Rg5 Rf1+ 58. Ke5 Re1+ 59. Kf4 Be6 60. Ne7 Rf1+ 61. Ke5 Kh6 62. Rg3 Kh5 63. Ng8 Bb3 64. Ne7 Kh4 65. Rg8 Kh3 66. Nf5 Kh2 67. Nd4 Re1+ 68. Kf4 Bd5 69. Nf3+ Bxf3 70. Kxf3 Rf1+ 71. Ke2 Rxf6 72. Ra8 Rf4 73. Ke3 Kg3 74. Rg8+ Rg4 75. Rf8 Rg7 76. Ra8 f5 77. Rxa4 Re7+ 78. Kd2 f4 79. Ra8 Kf2 80. Kd1 f3 81. Rf8 Kg2 82. Kd2 Re5 83. Rg8+ Kf1 84. Rf8 f2 85. Rf7 Re2+ 86. Kd3 Ke1 87. Ra7 Rd2+ 88. Ke3 f1Q 0-1

[Event "Muensterland Verbandsliga 1112"]
[Site "Germany"]
[Date "2011.12.17"]
[Round "4.2"]
[White "Althoff, Franz"]
[Black "Schaefer, Guenter"]
[Result "1-0"]
[WhiteElo "2092"]
[BlackElo "2014"]
[PlyCount "71"]
[EventDate "2011.09.24"]
[EventType "team-tourn"]
[EventRounds "9"]
[EventCountry "GER"]
[SourceTitle "EXT 2013"]
[Source "ChessBase"]
[SourceDate "2012.11.22"]
[SourceVersion "1"]
[SourceVersionDate "2012.11.22"]
[SourceQuality "1"]
[WhiteTeam "Ostbevern Westbevern"]
[BlackTeam "Nienberge"]
[WhiteTeamCountry "GER"]
[BlackTeamCountry "GER"]

1. Nf3 Nf6 2. d4 d6 3. g3 g6 4. Bg2 Bg7 5. 0-0 0-0 6. Nc3 Nbd7 7. e4 e5 8. Re1 c6 9. Rb1 Re8 10. h3 a6 11. a4 Qc7 12. Be3 b5 13. axb5 axb5 14. b4 Ra3 15. Rb3 Rxb3 16. cxb3 Bb7 17. Qc2 Rc8 18. Qd2 Bf8 19. Rc1 Qb8 20. Qd3 Qa8 21. Bd2 Qa3 22. Nb1 Qa6 23. dxe5 dxe5 24. g4 c5 25. g5 c4 26. bxc4 bxc4 27. Qe2 Nh5 28. Nh2 Nf4 29. Bxf4 exf4 30. Ng4 f6 31. Rd1 Bd6 32. e5 f3 33. Bxf3 Bxf3 34. Qxf3 Nxe5 35. Qd5+ Nf7 36. Nh6+ 1-0

[Event "Muensterland Verbandsliga 1011"]
[Site "Germany"]
[Date "2010.10.30"]
[Round "2.4"]
[White "Ollech, Dirk"]
[Black "Schaefer, Guenter"]
[Result "1-0"]
[WhiteElo "1856"]
[BlackElo "1983"]
[PlyCount "67"]
[EventDate "2010.09.25"]
[EventType "team-tourn"]
[EventRounds "9"]
[EventCountry "GER"]
[SourceTitle "EXT 2012"]
[Source "ChessBase"]
[SourceDate "2011.11.24"]
[SourceVersion "1"]
[SourceVersionDate "2011.11.24"]
[SourceQuality "1"]
[WhiteTeam "Muenster Indische Dame"]
[BlackTeam "Nienberge"]
[WhiteTeamCountry "GER"]
[BlackTeamCountry "GER"]

1. c4 Nf6 2. g3 g6 3. Bg2 Bg7 4. Nc3 d6 5. e4 0-0 6. Nge2 e5 7. d3 c6 8. 0-0 h6 9. h3 Na6 10. Kh2 Nc7 11. f4 exf4 12. Nxf4 Ne6 13. Nce2 Nc5 14. Be3 Re8 15. Nc3 a5 16. Qc2 g5 17. Nfe2 Na6 18. d4 Qe7 19. Rf2 Bg4 20. Raf1 Bh5 21. g4 Nb4 22. Qd2 Bg6 23. Ng3 Nd7 24. a3 Na6 25. Nf5 Bxf5 26. Rxf5 f6 27. Rxa5 Nb6 28. b3 d5 29. cxd5 cxd5 30. Nxd5 Qd6+ 31. Kh1 Nxd5 32. Rxd5 Qxa3 33. Rb5 Re7 34. d5 1-0

[Event "Muensterland Verbandsklasse-B 0708"]
[Site "Germany"]
[Date "2007.09.15"]
[Round "1.2"]
[White "Farwick, Christian"]
[Black "Schaefer, Guenter"]
[Result "0-1"]
[WhiteElo "1808"]
[BlackElo "2012"]
[PlyCount "56"]
[EventDate "2007.09.15"]
[EventType "team-tourn"]
[EventRounds "9"]
[EventCountry "GER"]
[SourceTitle "EXT 2009"]
[Source "ChessBase"]
[SourceDate "2008.11.26"]
[SourceVersion "1"]
[SourceVersionDate "2008.11.26"]
[SourceQuality "1"]
[WhiteTeam "Borken"]
[BlackTeam "Nienberge"]
[WhiteTeamCountry "GER"]
[BlackTeamCountry "GER"]

1. Nf3 Nf6 2. d4 g6 3. Bf4 Bg7 4. e3 d6 5. Bd3 Nbd7 6. Nbd2 0-0 7. c3 a6 8. Qc2 c5 9. h4 cxd4 10. exd4 e5 11. dxe5 dxe5 12. Bg5 Nc5 13. Be4 Bf5 14. Bxf6 Qxf6 15. Bxf5 gxf5 16. 0-0-0 e4 17. Ne1 Rfd8 18. Rh3 Bh6 19. b4 Ne6 20. Kb2 Nf4 21. Rg3+ Bg7 22. Nb1 Rxd1 23. Qxd1 a5 24. b5 Qb6 25. Ka1 Qxf2 26. Rg5 Ne6 27. Rh5 Rc8 28. g4 Rxc3 0-1

[Event "Muenster Bezirksliga 0607"]
[Site "Germany"]
[Date "2006.09.16"]
[Round "1.18"]
[White "Schaefer, Guenter"]
[Black "Meier, Christian"]
[Result "1/2-1/2"]
[WhiteElo "1981"]
[BlackElo "1804"]
[PlyCount "30"]
[EventDate "2006.09.16"]
[EventType "team"]
[EventRounds "9"]
[EventCountry "GER"]
[SourceTitle "EXT 2008"]
[Source "ChessBase"]
[SourceDate "2007.11.25"]
[SourceVersion "1"]
[SourceVersionDate "2007.11.25"]
[SourceQuality "1"]
[WhiteTeam "Muenster SF"]
[BlackTeam "Hiltrup"]
[WhiteTeamCountry "GER"]
[BlackTeamCountry "GER"]

1. d4 Nf6 2. Nc3 d6 3. e4 g6 4. Be3 Ng4 5. Bg5 h6 6. Bh4 Bg7 7. h3 Nf6 8. Qd2 Nbd7 9. f4 c5 10. Bf2 cxd4 11. Bxd4 Qa5 12. 0-0-0 0-0 13. Nf3 Nc5 14. Bd3 Be6 15. Bxc5 Qxc5 1/2-1/2

[Event "Muenster Bezirksliga 0506"]
[Site "Muenster"]
[Date "2005.09.10"]
[Round "1.2"]
[White "Schaefer, Guenter"]
[Black "Henke, Wolfgang"]
[Result "1-0"]
[WhiteElo "1981"]
[BlackElo "1834"]
[PlyCount "66"]
[EventDate "2005.09.10"]
[EventType "team"]
[EventRounds "9"]
[EventCountry "GER"]
[SourceTitle "EXT 2007"]
[Source "ChessBase"]
[SourceDate "2006.11.23"]
[SourceVersion "1"]
[SourceVersionDate "2006.11.23"]
[SourceQuality "1"]
[WhiteTeam "Muenster"]
[BlackTeam "Beelen"]
[WhiteTeamCountry "GER"]
[BlackTeamCountry "GER"]

1. d4 Nf6 2. Bg5 Ne4 3. Bh4 g5 4. f3 gxh4 5. fxe4 d6 6. e3 Nd7 7. Nc3 e5 8. Qh5 Bg7 9. Bc4 Rf8 10. Nf3 Bf6 11. 0-0 Nb6 12. Bb3 Qe7 13. a4 a5 14. Rad1 Bd7 15. dxe5 dxe5 16. Rxd7 Kxd7 17. Qf5+ Ke8 18. Nb5 Rc8 19. Nd2 Rd8 20. Nc4 Nxc4 21. Bxc4 Rd7 22. Qxf6 Qxf6 23. Rxf6 c6 24. Nc3 Rd2 25. Rf2 Rd6 26. Rf5 f6 27. Rh5 Rd2 28. Bb3 c5 29. Rxh7 c4 30. Bxc4 Rxc2 31. Nb5 Kd8 32. Nd6 Rxb2 33. Be6 Rb1+ 1-0

[Event "Bahn-chM"]
[Site "Bad Wildungen"]
[Date "2000.09.30"]
[Round "7"]
[White "Nitsch, Thomas"]
[Black "Schaefer, Guenter"]
[Result "1/2-1/2"]
[WhiteElo "1927"]
[BlackElo "2019"]
[PlyCount "22"]
[EventDate "2000.09.24"]
[EventType "swiss"]
[EventRounds "7"]
[EventCountry "GER"]
[SourceTitle "EXT 2003"]
[Source "ChessBase"]
[SourceDate "2002.11.25"]
[SourceVersion "1"]
[SourceVersionDate "2002.11.25"]
[SourceQuality "1"]

1. Nc3 Nf6 2. e4 d6 3. f4 g6 4. Nf3 Bg7 5. Be2 0-0 6. d3 c6 7. Be3 e5 8. fxe5 Ng4 9. Bg1 dxe5 10. h3 Nh6 11. Be3 f5 1/2-1/2

[Event "Bahn-chM"]
[Site "Bad Wildungen"]
[Date "2000.09.29"]
[Round "6"]
[White "Schaefer, Guenter"]
[Black "Froehlich, Rainer"]
[Result "1/2-1/2"]
[WhiteElo "2019"]
[BlackElo "1928"]
[PlyCount "45"]
[EventDate "2000.09.24"]
[EventType "swiss"]
[EventRounds "7"]
[EventCountry "GER"]
[SourceTitle "EXT 2003"]
[Source "ChessBase"]
[SourceDate "2002.11.25"]
[SourceVersion "1"]
[SourceVersionDate "2002.11.25"]
[SourceQuality "1"]

1. e4 c5 2. Nf3 g6 3. d3 Bg7 4. g3 Nc6 5. Bg2 d6 6. 0-0 Nf6 7. Nbd2 0-0 8. Nc4 Bd7 9. e5 dxe5 10. Nfxe5 Nxe5 11. Nxe5 Qc8 12. Nxd7 Nxd7 13. Qe2 Re8 14. c3 Rb8 15. f4 e6 16. g4 c4 17. d4 Nb6 18. Qf2 f5 19. gxf5 gxf5 20. Bd2 Nd5 21. Kh1 Kh8 22. Rg1 Qd7 23. Bf3 1/2-1/2

[Event "Bahn-chM"]
[Site "Bad Wildungen"]
[Date "2000.09.25"]
[Round "2"]
[White "Georg, Waldemar"]
[Black "Schaefer, Guenter"]
[Result "0-1"]
[WhiteElo "1822"]
[BlackElo "2019"]
[PlyCount "36"]
[EventDate "2000.09.24"]
[EventType "swiss"]
[EventRounds "7"]
[EventCountry "GER"]
[SourceTitle "EXT 2003"]
[Source "ChessBase"]
[SourceDate "2002.11.25"]
[SourceVersion "1"]
[SourceVersionDate "2002.11.25"]
[SourceQuality "1"]

1. e4 e6 2. d4 d5 3. exd5 exd5 4. Bf4 Bd6 5. Bxd6 Qxd6 6. Bd3 Qb4+ 7. Nd2 Qxd4 8. Qe2+ Ne7 9. 0-0-0 Qf6 10. Re1 Nbc6 11. c3 0-0 12. g4 Ng6 13. f3 Nf4 14. Qf1 Bd7 15. Bc2 Ne5 16. h4 Rfe8 17. Nh3 Ned3+ 18. Bxd3 Rxe1+ 0-1

[Event "Bahn-chM"]
[Site "Bad Wildungen"]
[Date "2000.09.24"]
[Round "1"]
[White "Schaefer, Guenter"]
[Black "Mueller, Klaus Uwe"]
[Result "0-1"]
[WhiteElo "2019"]
[BlackElo "2288"]
[PlyCount "54"]
[EventDate "2000.09.24"]
[EventType "swiss"]
[EventRounds "7"]
[EventCountry "GER"]
[SourceTitle "EXT 2003"]
[Source "ChessBase"]
[SourceDate "2002.11.25"]
[SourceVersion "1"]
[SourceVersionDate "2002.11.25"]
[SourceQuality "1"]

1. e4 g6 2. d4 Bg7 3. Nc3 d6 4. Be3 c6 5. Qd2 b5 6. Bd3 Nd7 7. Nf3 Nb6 8. h3 Nf6 9. Bh6 0-0 10. Bxg7 Kxg7 11. 0-0 Qc7 12. Qf4 b4 13. Ne2 c5 14. c3 a5 15. Rac1 c4 16. Bc2 Bb7 17. Ng3 Ng8 18. h4 Rae8 19. h5 e5 20. dxe5 dxe5 21. Qe3 f6 22. Nh4 Ne7 23. Rcd1 Bc8 24. Rd2 Be6 25. f4 b3 26. f5 bxc2 27. fxe6 Qc6 0-1

[Event "Bahn-chM"]
[Site "Baiersbronn"]
[Date "1998.10.26"]
[Round "2"]
[White "Boeing, Franz Josef"]
[Black "Schaefer, Guenter"]
[Result "1/2-1/2"]
[WhiteElo "1870"]
[BlackElo "2086"]
[PlyCount "32"]
[EventDate "1998.10.25"]
[EventType "swiss"]
[EventRounds "7"]
[EventCountry "GER"]
[SourceTitle "EXT 2001"]
[Source "ChessBase"]
[SourceDate "2000.11.22"]
[SourceVersion "1"]
[SourceVersionDate "2000.11.22"]
[SourceQuality "1"]

1. d4 d6 2. Nf3 Nf6 3. Bg5 Nbd7 4. e3 c6 5. c3 a6 6. Bd3 e5 7. Qc2 Qc7 8. 0-0 g6 9. Nbd2 Bg7 10. Rad1 0-0 11. Qb3 b5 12. Bxf6 Nxf6 13. dxe5 dxe5 14. Ne4 c5 15. Nxf6+ Bxf6 16. Be4 c4 1/2-1/2

[Event "Bahn-chM"]
[Site "Baiersbronn"]
[Date "1998.10.26"]
[Round "3"]
[White "Schaefer, Guenter"]
[Black "Wallrabenstein, Udo"]
[Result "0-1"]
[WhiteElo "2086"]
[BlackElo "1961"]
[PlyCount "76"]
[EventDate "1998.10.25"]
[EventType "swiss"]
[EventRounds "7"]
[EventCountry "GER"]
[SourceTitle "EXT 2001"]
[Source "ChessBase"]
[SourceDate "2000.11.22"]
[SourceVersion "1"]
[SourceVersionDate "2000.11.22"]
[SourceQuality "1"]

1. e4 c6 2. d4 d5 3. e5 g6 4. c4 Bg7 5. Nc3 Na6 6. cxd5 cxd5 7. Bxa6 bxa6 8. Qa4+ Qd7 9. Nf3 e6 10. 0-0 Rb8 11. Qd1 a5 12. Re1 Ba6 13. b3 Bf8 14. Na4 Bb5 15. Nc5 Bxc5 16. dxc5 Qc7 17. Ba3 Ne7 18. Qd2 Nc6 19. Nd4 h6 20. Rad1 Kf8 21. Qf4 Kg8 22. Nxc6 Bxc6 23. Rd4 Rb7 24. h4 h5 25. Re3 Qd8 26. Rg3 a4 27. bxa4 Qa5 28. Qf6 Rh6 29. Rf4 Bxa4 30. c6 Bxc6 31. Be7 Be8 32. Qg5 Rb1+ 33. Kh2 Qe1 34. Rgf3 Qh1+ 35. Kg3 Rg1 36. Rb4 Rxg2+ 37. Kf4 Qc1+ 38. Re3 Rxf2+ 0-1

[Event "Bahn-chM"]
[Site "Baiersbronn"]
[Date "1998.10.25"]
[Round "1"]
[White "Schaefer, Guenter"]
[Black "Bilitza, Alwin"]
[Result "0-1"]
[WhiteElo "2086"]
[BlackElo "1910"]
[PlyCount "50"]
[EventDate "1998.10.25"]
[EventType "swiss"]
[EventRounds "7"]
[EventCountry "GER"]
[SourceTitle "EXT 2001"]
[Source "ChessBase"]
[SourceDate "2000.11.22"]
[SourceVersion "1"]
[SourceVersionDate "2000.11.22"]
[SourceQuality "1"]

1. e4 d5 2. exd5 Qxd5 3. Nc3 Qa5 4. d4 Bf5 5. Nf3 c6 6. g3 Nf6 7. Bg2 e6 8. Bd2 Be7 9. h3 Qb6 10. Rb1 Nbd7 11. Be3 Nd5 12. 0-0 h6 13. Re1 0-0 14. Qd2 Nxe3 15. Rxe3 Nf6 16. Ne5 Rfd8 17. Ne2 a5 18. Rb3 Qc7 19. Rd1 a4 20. Re3 Qb6 21. c3 c5 22. g4 Bh7 23. Nf4 cxd4 24. cxd4 Rac8 25. Nxf7 Rc2 0-1